Veda a technika čakali na svoj zákon deväť rokov
Nový zákon o vede a technike by mal priniesť transparentnosť, účelovosť a otvorenosť do financovania vedeckovýskumných úloh. Návrh zákona zavádza nadrezortný, účelový systém financovania. Päť hlavných zdrojov financií. Zmyslom zákona je, aby veda a výskum boli financované oveľa cielenejšie. Vysoké š...
Guardado en:
| Autor principal: | |
|---|---|
| Formato: | Capítulo de libro |
| Lenguaje: | eslovaco |
| Materias: | |
| Etiquetas: |
Sin Etiquetas, Sea el primero en etiquetar este registro!
|
MARC
| LEADER | 00000naa a2200000 4500 | ||
|---|---|---|---|
| 001 | r043584 | ||
| 005 | 20230921112223.1 | ||
| 041 | 0 | |a slo | |
| 044 | |a SK | ||
| 245 | 1 | 0 | |a Veda a technika čakali na svoj zákon deväť rokov |c Eva Reiselová |
| 520 | |a Nový zákon o vede a technike by mal priniesť transparentnosť, účelovosť a otvorenosť do financovania vedeckovýskumných úloh. Návrh zákona zavádza nadrezortný, účelový systém financovania. Päť hlavných zdrojov financií. Zmyslom zákona je, aby veda a výskum boli financované oveľa cielenejšie. Vysoké školy oceňujú konkurenčné prostredie. Výdavky na vedu a techniku. | ||
| 610 | 2 | 0 | |a veda |
| 610 | 2 | 0 | |a výskum |
| 610 | 2 | 0 | |a financovanie |
| 610 | 2 | 0 | |a financovanie vedy |
| 610 | 2 | 0 | |a financovanie výskumu |
| 610 | 2 | 0 | |a technika |
| 610 | 2 | 0 | |a zákony |
| 610 | 2 | 0 | |a Slovensko |
| 100 | 1 | |a Reiselová, Eva | |